000 01340nam a2200253Ia 4500
003 OSt
005 20210608122440.0
008 210310s1992 y d gr 000 0 spa d
020 _a9802170607
040 _aCO-JMCR
_cCO-JMCR
041 0 _aspa
082 0 4 _223
_a330.987 /
_bH187s
100 1 _aHausmann, Ricardo,
_910729
245 1 0 _aShocks externos y ajuste macroeconómico /
_cRicardo Husamann ; prólogo, Rudiger Dornbusch
260 _aCaracas, Venezuela :
_bIESA,
_c1992
300 _a367 páginas :
_bilustraciones y gráficos en blanco y negro ;
_c23 cm.
504 _aBibliografía: páginas 364-367.
505 0 _aFundamentos microeconómicos: producción, demanda y equilibrio general. -- Demanda interna, precios relativos y equilibrio macroeconómico. -- Un modelo macroeconómico con régimen de cambio fijo. -- La experiencia venezolana con régimen de cambio fijo (1973-1982). -- El sector informal en una macroeconomía abierta. -- Un modelo de régimen de cambio múltiple. -- La experiencia Venezolana con régimen de cambio múltiple. -- Modelos con régimen de cambio flexible. -- Las reglas económicas.
650 1 4 _aMacroeconomía
_938181
650 2 4 _aModelo macroeconómico
_938182
650 2 4 _aMacroeconomía abierta
_938183
700 1 _aDornbusch, Rudiger,
_eprologuista
_96785
942 _2ddc
_cBK
999 _c11739
_d11739